• 首页
  • 本馆介绍
  • 公告通知
  • 最新文献
  • 馆藏检索
  • 电子资源
  • 读者导购
  • 参考咨询
  • 我的图书馆
  • 登录
  • 详细信息显示
  • 放入我的书架
  • 预约/预借图书
  • 作者相关作品
  • 分类相关作品
  • 丛书相关作品
  • 出版社相关作品

书目信息

  • 表格格式
  • 工作单格式
  • 卡片格式
题名:
组合矩阵论
    
 
作者: 柳柏濂 著
分册:  
出版信息: 北京   科学出版社  1996.03
页数: 578页
开本: 32开
丛书名: 现代数学基础丛书
单 册:
中图分类: O151.21
科图分类:
主题词: 代数 , 组合数学 , 数论
电子资源:
ISBN: 7-03-004615-3
000 00638nam0 2200241 45
001 0110241028
005 20031219104051.2
010    @a7-03-004615-3@dCNY37.00
100    @a20011024d1996 km y0chiy0120 ea
101 0  @achi
105    @a z 000yy
200 1  @a组合矩阵论@AZu He Ju Zhen Lun@f柳柏濂著@FLiu Bai Lian Zhu
210    @a北京@c科学出版社@d1996.03
215    @a578页@d32开
225    @a现代数学基础丛书
410    @12001 @a现代数学基础丛书
606 0  @a代数
606 0  @a组合数学
606 0  @a数论
690    @aO151.21@v4
701    @a柳柏濂@4著
801    @aCN@bTSTC@c20011024
905    @f5@b300006-010@dO151.21@e123
    
    组合矩阵论/柳柏濂著.-北京:科学出版社,1996.03
    578页;32开.-(现代数学基础丛书)
    
    
    ISBN 7-03-004615-3:CNY37.00
    
●
相关链接 在E读中查询图书 在五车中查询图书 在当当中查询图书 在豆瓣中查询图书


正题名:组合矩阵论     索取号:O151.21/123         预约/预借

序号 登录号 条形码 馆藏地/架位号 状态 备注
1 0300006   203000064   第三借阅区/ [索取号:O151.21/123] 在馆    
2 0300007   203000073   第三借阅区/ [索取号:O151.21/123] 在馆    
3 0300008   203000082   第三借阅区/ [索取号:O151.21/123] 在馆    
4 0300009   203000091   第三借阅区/ [索取号:O151.21/123] 在馆    
5 0300010   203000108   第二样本阅览室/ [索取号:O151.21/123] 在馆    
唐山师范学院图书馆 欢迎您!
大连网信软件有限公司© 版权所有